[Event "Moehnesee Cup-B"]
[Site "Moehnesee"]
[Date "2005.08.20"]
[Round "4"]
[White "Bickmann, Uwe"]
[Black "Meyer, Melanie"]
[Result "0-1"]
[WhiteElo "1497"]
[BlackElo "1226"]
[PlyCount "78"]
[EventDate "2005.08.18"]
[EventType "swiss"]
[EventRounds "7"]
[EventCountry "GER"]
[SourceTitle "CBM 108 Extra"]
[Source "ChessBase"]
[SourceDate "2005.11.04"]
[SourceVersion "1"]
[SourceVersionDate "2005.11.04"]
[SourceQuality "1"]

1. d4 d5 2. c4 dxc4 3. e3 Nf6 4. Bxc4 g6 5. Qb3 e6 6. Nf3 Bg7 7. Nc3 0-0 8. e4 Nc6 9. Qd1 Re8 10. Bg5 Qd7 11. 0-0 a6 12. Qd2 b5 13. e5 Nd5 14. Bxd5 exd5 15. Bf6 Ne7 16. Nh4 Qc6 17. Bxg7 Kxg7 18. Rac1 Qb6 19. Nd1 Nf5 20. Nxf5+ Bxf5 21. Ne3 Be6 22. Rc5 c6 23. Rfc1 Rec8 24. Qc3 Bd7 25. Nc2 Rc7 26. Nb4 Be6 27. Rxc6 Rxc6 28. Qxc6 Rc8 29. Qc5 Rxc5 30. Rxc5 Qa5 31. a3 Qa4 32. h3 Qd1+ 33. Kh2 Qxd4 34. Rc3 Qxe5+ 35. Rg3 h5 36. Nd3 Qc7 37. f4 Bf5 38. Ne5 f6 39. Nf3 Qxf4 0-1

[Event "Moehnesee Cup-B"]
[Site "Moehnesee"]
[Date "2005.08.20"]
[Round "5"]
[White "Meyer, Melanie"]
[Black "Vonhoff, Joerg"]
[Result "0-1"]
[WhiteElo "1226"]
[BlackElo "1508"]
[PlyCount "80"]
[EventDate "2005.08.18"]
[EventType "swiss"]
[EventRounds "7"]
[EventCountry "GER"]
[SourceTitle "CBM 108 Extra"]
[Source "ChessBase"]
[SourceDate "2005.11.04"]
[SourceVersion "1"]
[SourceVersionDate "2005.11.04"]
[SourceQuality "1"]

1. c4 Nf6 2. Nc3 g6 3. Nf3 Bg7 4. g3 0-0 5. Bg2 d6 6. e4 e5 7. 0-0 Bg4 8. d3 Nc6 9. Bg5 Qd7 10. Qd2 Bh3 11. Bh6 Qg4 12. Bxg7 Kxg7 13. Qe3 Bxg2 14. Kxg2 Nh5 15. Kh1 f5 16. exf5 Rxf5 17. Nh4 Rf7 18. Qe4 Nf6 19. Qxg4 Nxg4 20. Kg2 Raf8 21. Ne4 h6 22. Kg1 Nd4 23. Rae1 g5 24. h3 gxh4 25. hxg4 Nf3+ 26. Kg2 Nxe1+ 27. Rxe1 hxg3 28. Kxg3 Rf3+ 29. Kg2 Rxd3 30. g5 Rf4 31. gxh6+ Kxh6 32. Rh1+ Kg6 33. Nc3 Rd2 34. Rf1 Rxb2 35. Nd5 Rxc4 36. Ne3 Re4 37. Rg1 Rf4 38. Kh3+ Kh5 39. Nd5 Rf3+ 40. Kh2 Rbxf2+ 0-1